000 00472nam a2200169Ia 4500
003 GCL
008 140319s9999 xx 000 0 eng d
040 _aGCL /
_cGCL
082 0 4 _a370.7
_bR H
100 1 _aRIBBINS, PETAR
245 1 0 _aHEADSHIP MATTERS: CONVERSATIONS WITH SEVEN SECONDARY SCHOOL HEADTEACHERS /
_cRIBBINS, PETAR
700 1 _aMARLAND, MICH
260 _a[S.N] :
_bLONGMAN ،
_c1994
300 _a225 P
650 0 4 _aSECONDARY SCHOOLS
942 _2ddc
_cBK
999 _c10355
_d10355